01959cam a2200325 i 45000010008000000030007000080050017000150080041000320200038000730400022001110420009001330840021001420900013001631000014001762450146001902460088003362460088004242500011005122600052005233000033005756000022006086500019006306500022006496500022006716500019006937000014007129420014007269990015007409520878007551225432YEEZEN20260202141339.0250922s2025 ch a g 000 0bchi d a9786267035382q(平裝) :cNT$480 aTWTNMbchicTWTNM anbic a783.38862ncsclt a783.38861 a林靜芸10a謝謝你留下來陪我 :b為失智者.照顧者找出口 林靜芸醫師勇敢書寫林芳郁院長的故事 /c林靜芸, 洪淑惠合著30a為失智者.照顧者找出口 林靜芸醫師勇敢書寫林芳郁院長的故事30a為失智者.照顧者找出口 林靜藝醫師勇敢書寫林芳郁院長的故事 a一版 a新北市 :b聯合報健康事業部,c2025.06 a319面 :b彩圖 ;c23公分17a林芳郁2lcstt. 7a醫師2lcstt. 7a失智症2lcstt. 7a照顧者2lcstt. 7a傳記2lcstt.1 a洪淑惠 2cclcBOOK c7692d7692 00102ccl4070ayeezenbyeezencYEEZENd2026-02-02l3m1o783.3886pC03276r2026-03-31 00:00:00s2026-03-27w2026-02-02yBOOKz謝謝你留下來陪我   為失智者、照顧者找出口,林靜芸醫師勇敢書寫林芳郁院長的故事   林芳郁,低調謙沖,無聲有光~   三大醫學中心院長、心臟外科權威。   終結台大紅包文化、催生緊急救護EMT體系、改革三大醫學中心,對台灣醫療帶來巨大而深遠的影響。   林靜芸,幽默睿智、溫暖真誠~   台灣第一位女外科醫師,被譽為「整形外科教母」。      年輕時,他守著陽光女孩林靜芸,   而如今,她守護被病痛圍困的他,     「你用盡全身的力量,拚命留下來陪我,不管歲月如何、病程如何,我也會盡最大的努力來回應你。」